Meilleur XI de Ligue 1 (Octobre) - Statistiques

Statistiques générales
  • Ce quiz a été pris 79 fois
  • Le résultat moyen est 10 sur 11
Statistiques - réponses
Poste Joueur Equipe Valeur % Correct
AG Bradley Barcola PSG 65,00 Mio
99%
DG Nuno Mendes PSG 55,00 Mio
97%
AD Ousmane Dembélé PSG 60,00 Mio
97%
DD Achraf Hakimi PSG 60,00 Mio
96%
DC Marquinhos PSG 50,00 Mio
96%
G Gianluigi Donnarumma PSG 40,00 Mio
89%
MC Joao Neves PSG 60,00 Mio
85%
DC Willian Pacho PSG 40,00 Mio
85%
BU Gonçalo Ramos PSG 50,00 Mio
84%
MC Warren Zaïre-Emery PSG 60,00 Mio
77%
MOC Aleksandr Golovin Monaco 30,00 Mio
65%
Aucun quiz correspondant
Distribution des résultats
% des personnes avec chaque résultat
Percentile par nombre de réponses
Votre historique - résultats
Vous n’avez pas pris ce quiz